International relations and the European union
Gespeichert in:
| 1. Verfasser: | |
|---|---|
| Weitere Verfasser: | |
| Format: | Buch |
| Sprache: | Englisch |
| Veröffentlicht: |
New York
Oxford University Press
2011
|
| Ausgabe: | 2nd ed. |
| Schriftenreihe: | The new European Union series
|
| Schlagworte: | |
| Tags: |
Keine Tags, Fügen Sie das erste Tag hinzu!
|
MARC
| LEADER | 00000nam a2200000 4500 | ||
|---|---|---|---|
| 001 | 0142358 | ||
| 005 | 20230109114605.6 | ||
| 020 | |a 978-0-19-954480-6 | ||
| 041 | 0 | |a eng | |
| 044 | |a US | ||
| 245 | 1 | 0 | |a International relations and the European union |c edited by Christopher Hill and Michael Smith |
| 250 | |a 2nd ed. | ||
| 264 | 1 | |a New York |b Oxford University Press |c 2011 | |
| 300 | |a 557 s. | ||
| 490 | 1 | |a The new European Union series | |
| 830 | 0 | |a The new European Union series | |
| 610 | 2 | 0 | |a vzťahy medzinárodné |
| 610 | 2 | 0 | |a integrácia ekonomická medzinárodná |
| 610 | 2 | 0 | |a inštitúcie verejnoprávne |
| 610 | 2 | 0 | |a politika zahraničná |
| 610 | 2 | 0 | |a bezpečnosť |
| 610 | 2 | 0 | |a hospodárstvo svetové |
| 610 | 2 | 0 | |a obchod svetový |
| 610 | 2 | 0 | |a krajiny rozvojové |
| 610 | 2 | 0 | |a ochrana prostredia životného |
| 610 | 2 | 0 | |a energia |
| 610 | 2 | 0 | |a zmeny klimatické |
| 610 | 2 | 0 | |a Európska únia |
| 610 | 2 | 0 | |a BRICS |
| 610 | 2 | 0 | |a USA |
| 100 | 1 | |a Hill, Christopher | |
| 700 | 1 | |a Smith, Michael | |